Una medalla maldita / (Record no. 181107)
[ view plain ]
| 000 -LEADER | |
|---|---|
| campo de control de longitud fija | 00698nam a2200217 i 4500 |
| 001 - NÚMERO DE CONTROL | |
| campo de control | 181107 |
| 003 - IDENTIFICADOR DE NÚMERO DE CONTROL | |
| campo de control | ES-MaACL |
| 005 - FECHA Y HORA DE LA ÚLTIMA TRANSACCIÓN | |
| campo de control | 20231008175153.0 |
| 008 - DATOS DE LONGITUD FIJA--INFORMACIÓN GENERAL | |
| campo de control de longitud fija | 121017s2009 sp a | |||||||| | spa d |
| 020 ## - NÚMERO INTERNACIONAL ESTÁNDAR DEL LIBRO | |
| Número Internacional Estándar del Libro | 978-84-92711-29-1 |
| 080 ## - NÚMERO DE LA CLASIFICACIÓN DECIMAL UNIVERSAL | |
| Número de la Clasificación Decimal Universal | 929 Huélamo, Jaime |
| 080 ## - NÚMERO DE LA CLASIFICACIÓN DECIMAL UNIVERSAL | |
| Número de la Clasificación Decimal Universal | 796.61 Huélamo, Jaime |
| 100 1# - ENTRADA PRINCIPAL--NOMBRE DE PERSONA | |
| Nombre de persona | Huélamo, Javier ( |
| Fechas asociadas al nombre | 1948-) |
| 9 (RLIN) | 151656 |
| 245 14 - MENCIÓN DEL TÍTULO | |
| Título | Una medalla maldita / |
| Mención de responsabilidad, etc. | Jaime Huélamo. |
| 260 ## - PUBLICACIÓN, DISTRIBUCIÓN, ETC. | |
| Lugar de publicación, distribución, etc. | Cuenca : |
| Nombre del editor, distribuidor, etc. | Diputación Provincial de Cuenca, |
| Fecha de publicación, distribución, etc. | D.L. 2009. |
| 300 ## - DESCRIPCIÓN FÍSICA | |
| Extensión | 333 p. : |
| Otras características físicas | il. ; |
| Dimensiones | 24 cm. |
| 600 14 - PUNTO DE ACCESO ADICIONAL DE MATERIA--NOMBRE DE PERSONA | |
| Nombre de persona | Huélamo, Javier ( |
| Fechas asociadas al nombre | 1948-) |
| 9 (RLIN) | 151656 |
| 852 ## - LOCALIZACIÓN | |
| Ubicación | ES-MaACL |
| Número de control de estantería | A-12325 |
| itemnumber | 187990 |
| Sublocalización o colección | R.146841 |
| Ubicación en estantería | Depósito 1 |
| Signatura antigua | Olim: N-5330 |
| 942 ## - ELEMENTOS DE ENTRADA SECUNDARIOS (KOHA) | |
| Fuente del sistema de clasificación o colocación | Clasificación decimal universal |
| Tipo de ítem Koha | Libro impreso |
| Estatus retirado | Estado de pérdida | Fuente del sistema de clasificación o colocación | Estado de daño | No para préstamo | Biblioteca de origen | Biblioteca actual | Ubicación en estantería | Fecha de adquisición | Fuente de adquisición | Total de préstamos | Signatura topográfica completa | Código de barras | Visto por última vez | Precio de reemplazo | Tipo de ítem Koha |
|---|---|---|---|---|---|---|---|---|---|---|---|---|---|---|---|
| Clasificación decimal universal | Biblioteca del Ateneo de Madrid | Biblioteca del Ateneo de Madrid | Depósito 1 | 17/10/2012 | Donación | A-12325 | 1190318 | 23/02/2023 | 23/02/2023 | Libro impreso |
